مكتبة جامعة عجلون الوطنية

فهرس بحث المكتبة

Normal view MARC view
  • التاريخ - دراسة وتعليم (ابتدائي) - البلاد العربية - أدب الأطفال

Entry Topical Term

Number of records used in: 1

001 - CONTROL NUMBER

  • control field: 45301

003 - CONTROL NUMBER IDENTIFIER

  • control field: JO-AjAnu

005 - DATE AND TIME OF LATEST TRANSACTION

  • control field: 20230606081508.0

008 - FIXED-LENGTH DATA ELEMENTS

  • fixed length control field: 230606|| aca||aabn | a|a d

040 ## - CATALOGING SOURCE

  • Original cataloging agency: JO-AjAnu
  • Transcribing agency: JO-AjAnu

150 ## - HEADING--TOPICAL TERM

  • Topical term or geographic name entry element: التاريخ - دراسة وتعليم (ابتدائي) - البلاد العربية - أدب الأطفال

670 ## - SOURCE DATA FOUND

  • Source citation: Work cat.: (JO-AjAnu)23194: شرايحة، هيفاء, author 45300, كتابة التاريخ للأطفال في البلاد العربية: واقعها وإتجاهاتها وتطويرها